Florence Pugh - Statistics

General Stats
  • This quiz has been taken 45 times
  • The average score is 18 of 57
Answer Stats
Hint Answer % Correct
Film: Sister, Assassin, Russian Black Widow
93%
People's Choice Award Best Action Movie Star Award Nomination was for... Black Widow
93%
Film: Painting, Sister, Book Little Women
80%
Best Supporting Actress Academy Award Nomination was for... Little Women
80%
BAFA Supporting Actress Award Nomination was for... Little Women
80%
AACTA Supporting Actress Award Nomination was for... Little Women
80%
Film: Flower, May, Bear Midsommar
80%
Alliance of Film Journalists Bravest Performance Award Nomination was for... Midsommar
80%
Tattoo: Movie, Dance, Pole May Pole Midsommar
73%
TV Series: Assassin, Siracha, Christmas Hawkeye
70%
The Year She Made Her Acting Debut 2014
57%
Star Sign Capricorn
57%
Favourite Emoji The Poo
57%
Show she does on her Instagram Stories? Cooking with Flo
53%
Film: Black Hair, Wrestler, Family Fighting with my family
50%
Film: Thriller, Fruit Man, Sex Don't Worry Darling
47%
Film: Wine, Affair, Murder Lady Macbeth
40%
British Independent Film Awards Best Performance by an Actress Award Won was for... Lady Macbeth
40%
Alliance of Film Journalists Best Breakout Role Award Nomination was for... Lady Macbeth
40%
Film: Pregnancy, Fainting, Arya Stark The Falling
40%
First Movie Role The Falling
40%
Current Partner Zach Braff
40%
Birthday 3rd January 1996
37%
Dad's Nickname for her Flossie
37%
Recent Piercing Septum
37%
Film: Scotland, King, Mud Outlaw King
33%
Younger Sister Rafaela Pugh
33%
Food/Dip that goes with EVERYTHING Tzatziki
33%
Favourite Animal Snail
30%
Brother Toby Sebastian
27%
Older Sister Arabella Gibbons
23%
Film: Timothee, Sand, Princess Dune Part II
20%
Song she did with her brother? Midnight
20%
Cartoon character who tweeted her Paddington
17%
Smelly food that goes with everything Garlic
13%
Who made the iconic pink dress with the pink heels for her Black Widow press tour? Versace
13%
Tattoo: Animal, Worker Worker Bee
13%
Mother Deborah Pugh
10%
Actresses MOST FAVOURITE Condiment Branston Pickle
7%
Father Clinton Pugh
7%
Who made the green/blue dress for the oscars? Louis Vuitton
7%
Who made the iconic low v gold dress for the Vanity Fair Oscar Party? Louis Vuitton
7%
Song she did for Outlaw King (Three Words) Bonny at Morn
3%
Who made the two piece patterned outfit with the long skirt when she had purple ends and big boots? Dior
3%
Food she will never eat Fake/American Cheese
3%
Film: Can you guys just stfu for like two seconds please In the time it takes to get there
3%
Two Movies she filmed back to back Midsommar, Little Women
3%
Karaoke Song My Heart Will Go On
3%
Who made the iconic yellow short bow dress? Oscar De La Renta
3%
Who does her hair? Peter Lux Hair
3%
Stylist Rebecca Corbin-Murray
3%
Who made the iconic pink checkered long dress for the Little Women red carpet? Emilia Wickstead
0%
Song she did in aid of Refuge Lockdown
0%
Song she did for Outlaw King (One word) Prayers
0%
Favourite Song Southern Sun
0%
Illness she suffered from Tracheomalacia
0%
First cake she was ever obsessed with Victoria Sponge
0%
No matching quizzes found
Score Distribution
Percent of People with Each Score
Percentile by Number Answered
Your Score History
You have not taken this quiz